000 00275nam a2200121Ia 4500
008 190216s9999||||xx |||||||||||||| ||und||
100 _aBanbarilal Sahya
245 0 _aHindi-Bishnoy Log Geeth
260 _bSurjit Prakashan
300 _a150
650 _aHindi
942 _cBK
999 _c16244
_d16244